Countries with 8 Letters - Statistics

General Stats
  • This quiz has been taken 275 times
    241 since last reset
  • The average score is 17 of 24
Answer Stats
Answer % Correct
Thailand
84%
Colombia
78%
Honduras
75%
Paraguay
75%
Portugal
74%
Bulgaria
73%
Slovenia
73%
Malaysia
72%
Slovakia
72%
Djibouti
70%
Pakistan
70%
Botswana
68%
Dominica
67%
Ethiopia
67%
Tanzania
66%
Zimbabwe
66%
Barbados
65%
Cambodia
65%
Cameroon
65%
Maldives
63%
Mongolia
63%
Kiribati
62%
Suriname
62%
Sri Lanka
59%
No matching quizzes found
Score Distribution
Percent of People with Each Score
Percentile by Number Answered
Your Score History
You have not taken this quiz since the last reset